| 000 | 00696nam a22002177a 4500 | ||
|---|---|---|---|
| 003 | 0 | ||
| 005 | 20251114125810.0 | ||
| 008 | 251114b xxu||||| |||| 00| 0 eng d | ||
| 020 | _a978-0-7868-6565-9 | ||
| 050 |
_aPN 2287 _b.A53 2008 |
||
| 100 |
_aAndrews, Julie, _eauthor. |
||
| 245 |
_aHome : _ba memoir of my early years / _cJulie Andrews. |
||
| 260 |
_aNew York, NY : _bHyperion, _c2008. |
||
| 300 |
_a339 pages : _billustrations ; _c24 cm. |
||
| 504 | _aIncludes index. | ||
| 600 |
_aAndrews, Julie _xChildhood and youth. |
||
| 600 |
_aAndrews, Julie _xFamily. |
||
| 650 | _aAutobiographies. | ||
| 650 |
_aMotion picture actors and actresses _zUnited Kingdom _xBiography. |
||
| 942 |
_2lcc _cBK |
||
| 999 |
_c368652 _d368652 |
||